000 00511nam a2200181Ia 4500
005 20250508161703.0
008 008 250505s9999 xx 000 0 eng d
037 _aTextual
040 _aFEDL
_beng
_cFEDL
041 _aeng
_2eng
084 _a500, COM
_qFEDL
100 _aCompton W Dale Ed.
_9771340
245 0 _aInteraction of science and technology
260 _aUrbana
_bUniversity of Illinois Press
_c1969
300 _avi,137p
942 _cTEXL
_h500, COM
999 _c1371554
_d1371554